| 000 | 00604nam a2200229Ia 4500 | ||
|---|---|---|---|
| 003 | OSt | ||
| 005 | 20220928151929.0 | ||
| 006 | a|||||r|||| 00| 0 | ||
| 007 | ta | ||
| 008 | 220927b |||||||| |||| 00| 0 eng d | ||
| 024 | _a132208 | ||
| 037 | _cTextual | ||
| 040 |
_aSDCL _cSDCL _beng |
||
| 041 |
_2eng _aeng |
||
| 082 | _aQ1:1x, N2 | ||
| 100 |
_aJoshi Anrudh Ed. _9518513 |
||
| 245 | 0 | _aVedic aakhyanon ki prakriti. | |
| 260 | _c1992 | ||
| 700 |
_a Rihani Vasudhara Ed. _9518514 |
||
| 942 |
_hQ1:1x, N2 _cTEXL _2CC |
||
| 999 |
_c853433 _d853433 |
||